<?xml version="1.0" encoding="UTF-8"?>
<record
    xmlns:xsi="http://www.w3.org/2001/XMLSchema-instance"
    xsi:schemaLocation="http://www.loc.gov/MARC21/slim http://www.loc.gov/standards/marcxml/schema/MARC21slim.xsd"
    xmlns="http://www.loc.gov/MARC21/slim">

  <leader>01720    a2200265   4500</leader>
  <controlfield tag="003">NALT</controlfield>
  <controlfield tag="005">20260317125648.0</controlfield>
  <controlfield tag="008">240409b        th ||||| |||| 00| 0 tha d</controlfield>
  <datafield tag="020" ind1=" " ind2=" ">
    <subfield code="a">9786166083149</subfield>
  </datafield>
  <datafield tag="040" ind1=" " ind2=" ">
    <subfield code="a">NALT</subfield>
  </datafield>
  <datafield tag="090" ind1=" " ind2=" ">
    <subfield code="a">KT 83</subfield>
    <subfield code="b">&#xE27;559&#xE1E; 2567</subfield>
  </datafield>
  <datafield tag="100" ind1="0" ind2=" ">
    <subfield code="a">&#xE27;&#xE34;&#xE40;&#xE0A;&#xE35;&#xE22;&#xE23; &#xE14;&#xE34;&#xE40;&#xE23;&#xE01;&#xE2D;&#xE38;&#xE14;&#xE21;&#xE28;&#xE31;&#xE01;&#xE14;&#xE34;&#xE4C;</subfield>
    <subfield code="9">12280</subfield>
  </datafield>
  <datafield tag="245" ind1="1" ind2="0">
    <subfield code="a">&#xE01;&#xE0E;&#xE2B;&#xE21;&#xE32;&#xE22;&#xE1E;&#xE22;&#xE32;&#xE19;&#xE1E;&#xE34;&#xE2A;&#xE14;&#xE32;&#xE23; (&#xE09;&#xE1A;&#xE31;&#xE1A;&#xE1B;&#xE23;&#xE31;&#xE1A;&#xE1B;&#xE23;&#xE38;&#xE07;&#xE43;&#xE2B;&#xE21;&#xE48; &#xE1B;&#xE35; 2567) /</subfield>
    <subfield code="c">&#xE27;&#xE34;&#xE40;&#xE0A;&#xE35;&#xE22;&#xE23; &#xE14;&#xE34;&#xE40;&#xE23;&#xE01;&#xE2D;&#xE38;&#xE14;&#xE21;&#xE28;&#xE31;&#xE01;&#xE14;&#xE34;&#xE4C;.</subfield>
  </datafield>
  <datafield tag="246" ind1="1" ind2="4">
    <subfield code="a">&#xE01;&#xE0E;&#xE2B;&#xE21;&#xE32;&#xE22;&#xE1E;&#xE22;&#xE32;&#xE19;&#xE1E;&#xE34;&#xE2A;&#xE14;&#xE32;&#xE23; (&#xE09;&#xE1A;&#xE31;&#xE1A;&#xE1B;&#xE23;&#xE31;&#xE1A;&#xE1B;&#xE23;&#xE38;&#xE07;&#xE43;&#xE2B;&#xE21;&#xE48; &#xE1B;&#xE35; 2567) &#xE2B;&#xE25;&#xE31;&#xE01;&#xE01;&#xE0E;&#xE2B;&#xE21;&#xE32;&#xE22;&#xE15;&#xE32;&#xE21; &#xE1B;.&#xE27;&#xE34;.&#xE1E;. &#xE41;&#xE25;&#xE30; &#xE1B;.&#xE27;&#xE34;.&#xE2D;. &#xE41;&#xE25;&#xE30;&#xE41;&#xE19;&#xE27;&#xE04;&#xE33;&#xE1E;&#xE34;&#xE1E;&#xE32;&#xE01;&#xE29;&#xE32;&#xE0E;&#xE35;&#xE01;&#xE32;&#xE17;&#xE35;&#xE48;&#xE19;&#xE48;&#xE32;&#xE2A;&#xE19;&#xE43;&#xE08;.</subfield>
  </datafield>
  <datafield tag="260" ind1=" " ind2=" ">
    <subfield code="a">&#xE01;&#xE23;&#xE38;&#xE07;&#xE40;&#xE17;&#xE1E;&#xE2F; : </subfield>
    <subfield code="b">&#xE41;&#xE2A;&#xE07;&#xE08;&#xE31;&#xE19;&#xE17;&#xE23;&#xE4C;&#xE01;&#xE32;&#xE23;&#xE1E;&#xE34;&#xE21;&#xE1E;&#xE4C;, </subfield>
    <subfield code="c">2567.</subfield>
  </datafield>
  <datafield tag="300" ind1=" " ind2=" ">
    <subfield code="a">566 &#xE2B;&#xE19;&#xE49;&#xE32; ;</subfield>
    <subfield code="c">26 &#xE0B;&#xE21;.</subfield>
  </datafield>
  <datafield tag="505" ind1="2" ind2=" ">
    <subfield code="a">&#xE1E;&#xE22;&#xE32;&#xE19;&#xE2B;&#xE25;&#xE31;&#xE01;&#xE10;&#xE32;&#xE19;&#xE15;&#xE32;&#xE21;&#xE1B;&#xE23;&#xE30;&#xE21;&#xE27;&#xE25;&#xE01;&#xE0E;&#xE2B;&#xE21;&#xE32;&#xE22;&#xE27;&#xE34;&#xE18;&#xE35;&#xE1E;&#xE34;&#xE08;&#xE32;&#xE23;&#xE13;&#xE32;&#xE04;&#xE27;&#xE32;&#xE21;&#xE41;&#xE1E;&#xE48;&#xE07; -- 
&#xE1E;&#xE22;&#xE32;&#xE19;&#xE2B;&#xE25;&#xE31;&#xE01;&#xE10;&#xE32;&#xE19;&#xE15;&#xE32;&#xE21;&#xE1B;&#xE23;&#xE30;&#xE21;&#xE27;&#xE25;&#xE23;&#xE31;&#xE29;&#xE0E;&#xE32;&#xE01;&#xE23; -- 
&#xE1E;&#xE22;&#xE32;&#xE19;&#xE2B;&#xE25;&#xE31;&#xE01;&#xE10;&#xE32;&#xE19;&#xE15;&#xE32;&#xE21;&#xE1B;&#xE23;&#xE30;&#xE21;&#xE27;&#xE25;&#xE01;&#xE0E;&#xE2B;&#xE21;&#xE32;&#xE22;&#xE27;&#xE34;&#xE18;&#xE35;&#xE1E;&#xE34;&#xE08;&#xE32;&#xE23;&#xE13;&#xE32;&#xE04;&#xE14;&#xE35;&#xE04;&#xE27;&#xE32;&#xE21;&#xE2D;&#xE32;&#xE0D;&#xE32;.</subfield>
  </datafield>
  <datafield tag="650" ind1=" " ind2="4">
    <subfield code="a">&#xE1E;&#xE22;&#xE32;&#xE19;&#xE2B;&#xE25;&#xE31;&#xE01;&#xE10;&#xE32;&#xE19;</subfield>
    <subfield code="9">14760</subfield>
  </datafield>
  <datafield tag="650" ind1=" " ind2="4">
    <subfield code="a">&#xE1E;&#xE22;&#xE32;&#xE19;&#xE1A;&#xE38;&#xE04;&#xE04;&#xE25;</subfield>
    <subfield code="9">31662</subfield>
  </datafield>
  <datafield tag="710" ind1="2" ind2=" ">
    <subfield code="a">Jurisprudence Group</subfield>
    <subfield code="9">12278</subfield>
  </datafield>
  <datafield tag="942" ind1=" " ind2=" ">
    <subfield code="c">LB</subfield>
    <subfield code="2">local</subfield>
  </datafield>
  <datafield tag="996" ind1=" " ind2=" ">
    <subfield code="a">i001</subfield>
    <subfield code="b">CATSTF	</subfield>
    <subfield code="c">2024-04-09</subfield>
  </datafield>
  <datafield tag="996" ind1=" " ind2=" ">
    <subfield code="a">saiphon.d</subfield>
    <subfield code="b">CATSTF	</subfield>
    <subfield code="c">2024-04-19</subfield>
  </datafield>
  <datafield tag="999" ind1=" " ind2=" ">
    <subfield code="c">104925</subfield>
    <subfield code="d">104925</subfield>
  </datafield>
  <datafield tag="998" ind1=" " ind2=" ">
    <subfield code="j">8</subfield>
    <subfield code="k"> &#xE19;&#xE32;&#xE22;&#xE1A;&#xE31;&#xE13;&#xE11;&#xE34;&#xE15;  &#xE2D;&#xE38;&#xE17;&#xE32;&#xE27;&#xE07;&#xE04;&#xE4C;</subfield>
  </datafield>
  <datafield tag="952" ind1=" " ind2=" ">
    <subfield code="0">0</subfield>
    <subfield code="1">0</subfield>
    <subfield code="2">local</subfield>
    <subfield code="4">0</subfield>
    <subfield code="7">0</subfield>
    <subfield code="8">CLAW</subfield>
    <subfield code="a">NALT</subfield>
    <subfield code="b">NALT</subfield>
    <subfield code="c">LAW</subfield>
    <subfield code="d">2024-03-14</subfield>
    <subfield code="e">193</subfield>
    <subfield code="l">22</subfield>
    <subfield code="m">17</subfield>
    <subfield code="o">KT 83 &#xE27;559&#xE1E; 2567</subfield>
    <subfield code="p">3961222817</subfield>
    <subfield code="q">2026-03-24</subfield>
    <subfield code="r">2026-03-17 00:00:00</subfield>
    <subfield code="s">2026-03-17</subfield>
    <subfield code="w">2024-03-14</subfield>
    <subfield code="y">LB</subfield>
  </datafield>
</record>
